Les meilleurs pays aux championnats d'Europe de CSO jusqu'en 2024 - Statistiques

Statistiques générales
  • Ce quiz a été pris 5 fois
  • Le résultat moyen est 5 sur 23
Statistiques - réponses
Rang Or Argent Bronze Total Pays % Correct
Individuel 1 15 12 9 36 Allemagne
100%
Individuel 2 6 7 6 19 Royaume-Uni
80%
Individuel 4 4 3 4 11 France
40%
Individuel 6 2 2 2 6 Italie
40%
Par équipes 1 7 5 6 18 Allemagne
20%
Individuel 8 0 3 1 4 Belgique
20%
Par équipes 8 1 0 1 2 Belgique
20%
Par équipes 5 0 4 3 7 France
20%
Par équipes 9 0 1 0 1 Italie
20%
Individuel 5 2 1 5 8 Pays-Bas
20%
Par équipes 4 4 1 3 8 Pays-Bas
20%
Par équipes 3 5 5 4 14 Royaume-Uni
20%
Individuel 7 2 0 2 4 Suède
20%
Par équipes 7 1 2 1 4 Suède
20%
Individuel 3 3 4 5 12 Suisse
20%
Par équipes 2 5 5 6 16 Suisse
20%
Individuel 13 0 0 1 1 Argentine
0%
Individuel 11 0 1 1 2 Autriche
0%
Par équipes 10 0 0 1 1 Autriche
0%
Individuel 10 1 1 0 2 Brésil
0%
Individuel 12 0 1 0 1 Etats-Unis
0%
Individuel 9 1 1 1 3 Irlande
0%
Par équipes 6 2 1 1 4 Irlande
0%
Aucun quiz correspondant
Distribution des résultats
% des personnes avec chaque résultat
Percentile par nombre de réponses
Votre historique - résultats
Vous n’avez pas pris ce quiz